[Event "chess.com Junior Speed"]
[Site "chess.com INT"]
[Date "2019.07.16"]
[Round "2.4"]
[White "Gledura, Benjamin"]
[Black "Xiong, Jeffery"]
[Result "0-1"]
[WhiteTitle "GM"]
[BlackTitle "GM"]
[WhiteElo "2645"]
[BlackElo "2679"]
[WhiteFideId "712779"]
[BlackFideId "2047640"]
[EventDate "2019.05.16"]

1. d4 Nf6 2. c4 g6 3. Nc3 d5 4. cxd5 Nxd5 5. e4 Nxc3 6. bxc3 Bg7 7. Be3 c5 8.
Rc1 O-O 9. Qd2 e5 10. d5 Qd6 11. Bd3 f5 12. f3 Nd7 13. Ne2 Nf6 14. O-O c4 15.
Bc2 fxe4 16. fxe4 Ng4 17. Rxf8+ Bxf8 18. Kh1 Nxe3 19. Qxe3 Bd7 20. Rf1 b5 21.
Ng1 a5 22. Nf3 b4 23. Ng5 Bh6 24. Nf7 Bxe3 25. Nxd6 bxc3 26. Rf7 Bg4 27. Rf1 Be2
28. Re1 Rf8 29. h3 Rf2 30. Nb7 Bd2 31. Rg1 Bd3 32. Bxd3 cxd3 33. Nc5 c2 34. Nxd3
Re2 35. d6 Rxe4 36. d7 Rd4 0-1

[Event "chess.com Junior Speed"]
[Site "chess.com INT"]
[Date "2019.07.16"]
[Round "2.5"]
[White "Xiong, Jeffery"]
[Black "Gledura, Benjamin"]
[Result "1-0"]
[WhiteTitle "GM"]
[BlackTitle "GM"]
[WhiteElo "2679"]
[BlackElo "2645"]
[WhiteFideId "2047640"]
[BlackFideId "712779"]
[EventDate "2019.05.16"]

1. Nf3 d5 2. d4 Nf6 3. c4 c6 4. Nc3 dxc4 5. a4 e6 6. e3 c5 7. Bxc4 cxd4 8. exd4
Be7 9. O-O O-O 10. Qe2 Nc6 11. Rd1 Nb4 12. Bg5 h6 13. Bh4 Bd7 14. Ne5 Rc8 15. a5
Bc6 16. a6 bxa6 17. Bxa6 Rc7 18. Bg3 Nxa6 19. Rxa6 Be8 20. Nb5 Rb7 21. Nxa7 Qd5
22. Nac6 Bxc6 23. Nxc6 Rc8 24. Rb6 Rd7 25. Qa6 Re8 26. f3 Bc5 27. Rb5 Qc4 28.
Bf2 Qc2 29. Rf1 Bf8 30. Ne5 Rc7 31. Rb7 Nd5 32. Rxc7 Qxc7 33. Qc6 Rc8 34. Rc1
Qxc6 35. Rxc6 Rb8 36. Rc2 Bd6 37. Nc4 Be7 38. Kf1 f6 39. Ke2 Rb4 40. Bg3 Kf7 41.
Kd3 Rb3+ 42. Ke2 Nb4 43. Rc3 Rxc3 44. bxc3 Nd5 45. Kd3 g5 46. Na5 f5 47. Nc6 f4
48. Bf2 Bd6 49. c4 Nc7 50. Ke4 Kf6 51. Be1 Kf7 52. Ba5 Na6 53. c5 Bf8 54. Ne5+
Ke8 55. h4 Be7 56. hxg5 hxg5 57. Nd3 Bf6 58. Nb4 Nxb4 59. Bxb4 Kd7 60. d5 exd5+
61. Kxd5 Bb2 62. c6+ 1-0

[Event "chess.com Junior Speed"]
[Site "chess.com INT"]
[Date "2019.07.16"]
[Round "2.6"]
[White "Gledura, Benjamin"]
[Black "Xiong, Jeffery"]
[Result "1/2-1/2"]
[WhiteTitle "GM"]
[BlackTitle "GM"]
[WhiteElo "2645"]
[BlackElo "2679"]
[WhiteFideId "712779"]
[BlackFideId "2047640"]
[EventDate "2019.05.16"]

1. Nf3 d5 2. g3 Nd7 3. d4 b5 4. Bg2 Ngf6 5. O-O e6 6. c3 c5 7. Bg5 h6 8. Bxf6
Nxf6 9. a4 b4 10. cxb4 cxd4 11. b5 a6 12. Nxd4 axb5 13. Nxb5 Bd7 14. N1c3 Be7
15. e4 Bxb5 16. Nxb5 dxe4 17. Qxd8+ Rxd8 18. a5 Rb8 19. a6 Rxb5 20. a7 O-O 21.
a8=Q Rxa8 22. Rxa8+ Kh7 23. Ra7 Bc5 24. Rxf7 Rxb2 25. Rc7 Bd4 26. Bh3 e3 27.
fxe3 Bxe3+ 28. Kh1 Ne4 29. Bxe6 Nf2+ 30. Kg2 Ne4+ 31. Kh3 Ng5+ 32. Kg4 Nxe6 33.
Re7 Rb6 34. Re1 Rb4+ 35. Kf3 Nd4+ 36. Kxe3 1/2-1/2

[Event "chess.com Junior Speed"]
[Site "chess.com INT"]
[Date "2019.07.16"]
[Round "2.7"]
[White "Xiong, Jeffery"]
[Black "Gledura, Benjamin"]
[Result "1/2-1/2"]
[WhiteTitle "GM"]
[BlackTitle "GM"]
[WhiteElo "2679"]
[BlackElo "2645"]
[WhiteFideId "2047640"]
[BlackFideId "712779"]
[EventDate "2019.05.16"]

1. c4 c5 2. Nf3 Nc6 3. Nc3 Nf6 4. g3 g6 5. Bg2 Bg7 6. d4 cxd4 7. Nxd4 O-O 8. O-O
Qa5 9. e3 Ne5 10. Qe2 d6 11. Bd2 Bg4 12. f3 Bd7 13. Rfd1 Rfc8 14. b3 Qd8 15. Be1
a6 16. Rac1 Nc6 17. f4 Nxd4 18. exd4 Bg4 19. Bf3 Bxf3 20. Qxf3 b5 21. c5 Qd7 22.
Nd5 Nxd5 23. Qxd5 Qc6 24. Qxc6 Rxc6 25. Ba5 Rac8 26. b4 d5 27. Kf2 Re6 28. Kf3
Rcc6 29. a4 bxa4 30. Ra1 f5 31. Rxa4 h6 32. Bb6 g5 33. fxg5 hxg5 34. Rxa6 g4+
35. Kf2 Re4 36. b5 Rh6 37. c6 Rxh2+ 38. Kg1 Ree2 39. c7 Reg2+ 40. Kf1 Rf2+ 41.
Kg1 Rfg2+ 42. Kf1 Rf2+ 43. Kg1 Rfg2+ 1/2-1/2

[Event "chess.com Junior Speed"]
[Site "chess.com INT"]
[Date "2019.07.16"]
[Round "2.8"]
[White "Gledura, Benjamin"]
[Black "Xiong, Jeffery"]
[Result "0-1"]
[WhiteTitle "GM"]
[BlackTitle "GM"]
[WhiteElo "2645"]
[BlackElo "2679"]
[WhiteFideId "712779"]
[BlackFideId "2047640"]
[EventDate "2019.05.16"]

1. e4 e5 2. Nf3 Nc6 3. Bc4 Nf6 4. d3 h6 5. O-O d6 6. c3 g5 7. Re1 g4 8. Nfd2 h5
9. Nf1 Rg8 10. Be3 h4 11. g3 Bd7 12. b4 Qe7 13. Nbd2 Nd8 14. d4 Ne6 15. Bd5
O-O-O 16. Bxe6 fxe6 17. dxe5 dxe5 18. Bxa7 Bc6 19. Qe2 b6 20. a4 hxg3 21. Nxg3
Bh6 22. Nc4 Bf4 23. a5 Qh7 24. Ne3 Nxe4 25. Qc4 Rh8 26. Nef1 Ng5 27. Qxc6 Nf3+
28. Qxf3 gxf3 0-1

[Event "chess.com Junior Speed"]
[Site "chess.com INT"]
[Date "2019.07.16"]
[Round "2.9"]
[White "Xiong, Jeffery"]
[Black "Gledura, Benjamin"]
[Result "1-0"]
[WhiteTitle "GM"]
[BlackTitle "GM"]
[WhiteElo "2679"]
[BlackElo "2645"]
[WhiteFideId "2047640"]
[BlackFideId "712779"]
[EventDate "2019.05.16"]

1. d4 Nf6 2. c4 g6 3. Nc3 d5 4. cxd5 Nxd5 5. Na4 Bg7 6. e4 Nb6 7. Be3 O-O 8. Nc5
N8d7 9. Bb5 a6 10. Bxd7 Nxd7 11. Nd3 b6 12. Ne2 Bb7 13. f3 c5 14. dxc5 bxc5 15.
Nxc5 Nxc5 16. Bxc5 Qa5+ 17. b4 Qb5 18. a4 Qc6 19. Rc1 Qe6 20. O-O Rfd8 21. Qc2
f5 22. exf5 gxf5 23. Rfe1 Qf7 24. Rcd1 e5 25. Ng3 Rxd1 26. Rxd1 e4 27. fxe4 fxe4
28. Rf1 Qe6 29. Nf5 Be5 30. Qd2 Kh8 31. Bd4 Rf8 32. Qc3 Rxf5 33. Rxf5 Qxf5 34.
Bxe5+ Kg8 35. Qc7 Qg4 36. h3 1-0

[Event "chess.com Junior Speed"]
[Site "chess.com INT"]
[Date "2019.07.16"]
[Round "2.10"]
[White "Gledura, Benjamin"]
[Black "Xiong, Jeffery"]
[Result "1/2-1/2"]
[WhiteTitle "GM"]
[BlackTitle "GM"]
[WhiteElo "2645"]
[BlackElo "2679"]
[WhiteFideId "712779"]
[BlackFideId "2047640"]
[EventDate "2019.05.16"]

1. d4 Nf6 2. Nf3 d5 3. c4 e6 4. e3 dxc4 5. Bxc4 a6 6. O-O c5 7. dxc5 Qxd1 8.
Rxd1 Bxc5 9. Nfd2 O-O 10. Nb3 Be7 11. Nc3 Nc6 12. e4 b5 13. Be2 b4 14. Na4 Nxe4
15. Bf3 f5 16. Bxe4 fxe4 17. Nac5 a5 18. Nxe4 Ba6 19. Be3 Bc4 20. Bc5 Bd5 21.
Bxe7 Nxe7 22. Nec5 Rfc8 23. Na4 Bxb3 24. axb3 Nd5 25. Rac1 Kf7 26. Rc4 Ke7 27.
Kf1 Rab8 28. Ke2 Kd6 29. g3 Rc6 30. Rxc6+ Kxc6 31. Rc1+ Kd6 32. Nc5 Rb5 33. Ne4+
Ke5 34. Kd3 Rb8 35. f4+ Kf5 36. Rc5 Rd8 37. Rxa5 Kg4 38. Ke2 Kh3 39. Ng5+ Kxh2
40. Nxe6 Re8 41. Rxd5 Rxe6+ 42. Kf3 g6 43. g4 Re1 44. f5 Rf1+ 45. Ke4 Kg3 46. g5
gxf5+ 47. Rxf5 Rb1 48. Rf7 Kg4 49. Rxh7 Kxg5 50. Rh2 Rd1 51. Ke5 Kg4 52. Rc2 Kf3
53. Rc4 Rb1 54. Kd4 Rxb2 55. Rxb4 Kf4 56. Rb8 Kf5 57. b4 Ke6 58. Kc5 Kd7 59.
Rb7+ Kc8 60. Rh7 Rg2 61. b5 Rg5+ 62. Kb6 Rg6+ 63. Ka5 Kb8 64. b6 Rg1 65. Rh8+
Kb7 66. Rh7+ Kb8 67. Rh8+ Kb7 68. Rh7+ Kb8 1/2-1/2

[Event "chess.com Junior Speed"]
[Site "chess.com INT"]
[Date "2019.07.16"]
[Round "2.11"]
[White "Xiong, Jeffery"]
[Black "Gledura, Benjamin"]
[Result "1-0"]
[WhiteTitle "GM"]
[BlackTitle "GM"]
[WhiteElo "2679"]
[BlackElo "2645"]
[WhiteFideId "2047640"]
[BlackFideId "712779"]
[EventDate "2019.05.16"]

1. c4 e5 2. Nc3 Nc6 3. e3 Bb4 4. Nge2 Nf6 5. a3 Bxc3 6. Nxc3 O-O 7. b4 d5 8.
cxd5 Nxd5 9. Bb2 Re8 10. Be2 Nxc3 11. Bxc3 Nd4 12. Bxd4 exd4 13. O-O Bf5 14. Rc1
c6 15. Rc5 Be4 16. d3 Bg6 17. e4 f6 18. f4 Qd6 19. Bh5 b6 20. Bxg6 hxg6 21. Qb3+
Kh7 22. Rf3 Qe6 23. Qxe6 Rxe6 24. Rc4 Rd8 25. Rf1 Kg8 26. Rfc1 Rdd6 27. Kf2 Kf7
28. g4 f5 29. e5 Rd8 30. gxf5 gxf5 31. Rxc6 Rh8 32. Rxe6 Kxe6 33. Rc6+ 1-0

[Event "chess.com Junior Speed"]
[Site "chess.com INT"]
[Date "2019.07.16"]
[Round "2.12"]
[White "Gledura, Benjamin"]
[Black "Xiong, Jeffery"]
[Result "1-0"]
[WhiteTitle "GM"]
[BlackTitle "GM"]
[WhiteElo "2645"]
[BlackElo "2679"]
[WhiteFideId "712779"]
[BlackFideId "2047640"]
[EventDate "2019.05.16"]

1. e4 e5 2. Nf3 Nc6 3. Bc4 Nf6 4. d3 h6 5. c3 d6 6. Nbd2 g5 7. Nf1 g4 8. N3d2 d5
9. exd5 Nxd5 10. Ne4 Be7 11. Ne3 Nxe3 12. fxe3 Na5 13. Bb5+ Bd7 14. Bxd7+ Qxd7
15. O-O f5 16. Ng3 Rf8 17. e4 f4 18. Nf5 O-O-O 19. Qxg4 Kb8 20. d4 exd4 21. cxd4
Nc6 22. d5 Nd4 23. Bxf4 Nxf5 24. exf5 Qxd5 25. Bxh6 Rh8 26. Bg7 Rdg8 27. Rad1
Qc5+ 28. Kh1 Bd6 29. h3 Rh7 30. Bd4 Qd5 31. Qf3 Qf7 32. Bf2 Rhg7 33. Rg1 Qxa2
34. f6 Rf7 35. Bd4 Qe6 36. Rde1 Qd7 37. Qh5 a6 38. Re4 Rh7 39. f7 Rxf7 40. Rge1
Rh7 41. Re8+ 1-0

[Event "chess.com Junior Speed"]
[Site "chess.com INT"]
[Date "2019.07.16"]
[Round "2.13"]
[White "Xiong, Jeffery"]
[Black "Gledura, Benjamin"]
[Result "1/2-1/2"]
[WhiteTitle "GM"]
[BlackTitle "GM"]
[WhiteElo "2679"]
[BlackElo "2645"]
[WhiteFideId "2047640"]
[BlackFideId "712779"]
[EventDate "2019.05.16"]

1. Nf3 Nf6 2. c4 g6 3. Nc3 c5 4. d4 Bg7 5. e4 O-O 6. Be2 d6 7. O-O Bg4 8. d5 e6
9. dxe6 Bxe6 10. Bf4 Qb6 11. Qxd6 Qxb2 12. Rfc1 Nxe4 13. Nxe4 Qxe2 14. Re1 Qxc4
15. Be5 Qd5 16. Bxg7 Kxg7 17. Nfg5 Qxd6 18. Nxd6 Bd5 19. Re5 Bc6 20. Rxc5 Nd7
21. Rc3 Rad8 22. Ndxf7 Rde8 23. Nd6 Re5 24. h4 h6 25. Nh3 Nb6 26. Rd1 Nd5 27.
Rg3 Rf6 28. Nc4 Re4 29. Na5 Rxh4 30. Nxc6 bxc6 31. Ra3 Rf7 32. Rc1 Nb4 33. Ra4
Nd3 34. Rxh4 Nxc1 35. a3 Ne2+ 36. Kf1 Nc3 37. Rc4 Nd5 38. Rxc6 Ne3+ 39. Kg1 Ng4
40. f3 Ne5 41. Ra6 g5 42. Nf2 h5 43. Ne4 g4 44. Ng5 Rd7 45. Kf2 gxf3 46. Nxf3
Nxf3 47. Kxf3 Rf7+ 48. Kg3 Kf8 49. Kh4 Rg7 50. g3 Rg4+ 51. Kh3 Rg7 52. Ra5 Rg6
53. Rxh5 Ra6 54. Rh7 Rxa3 55. Kg4 a5 56. Ra7 a4 57. Kf4 Ra1 58. g4 a3 59. Kg5 a2
60. Kg6 Rg1 61. Rxa2 Rxg4+ 1/2-1/2

[Event "chess.com Junior Speed"]
[Site "chess.com INT"]
[Date "2019.07.16"]
[Round "2.14"]
[White "Gledura, Benjamin"]
[Black "Xiong, Jeffery"]
[Result "1-0"]
[WhiteTitle "GM"]
[BlackTitle "GM"]
[WhiteElo "2645"]
[BlackElo "2679"]
[WhiteFideId "712779"]
[BlackFideId "2047640"]
[EventDate "2019.05.16"]

1. Nf3 c5 2. c4 Nc6 3. Nc3 g6 4. e3 Bg7 5. d4 cxd4 6. exd4 d6 7. d5 Ne5 8. Nxe5
Bxe5 9. Be2 h5 10. O-O Nh6 11. Bxh6 Rxh6 12. Qd2 Rh8 13. Bd3 Bd7 14. Rae1 Kf8
15. f4 f6 16. fxe5 1-0

[Event "chess.com Junior Speed"]
[Site "chess.com INT"]
[Date "2019.07.16"]
[Round "2.15"]
[White "Xiong, Jeffery"]
[Black "Gledura, Benjamin"]
[Result "1-0"]
[WhiteTitle "GM"]
[BlackTitle "GM"]
[WhiteElo "2679"]
[BlackElo "2645"]
[WhiteFideId "2047640"]
[BlackFideId "712779"]
[EventDate "2019.05.16"]

1. c4 c6 2. Nf3 d5 3. d4 Nf6 4. Nc3 dxc4 5. a4 e6 6. e3 c5 7. Bxc4 cxd4 8. exd4
Be7 9. O-O O-O 10. Qe2 Nc6 11. Rd1 Nb4 12. Bg5 h6 13. Bh4 Bd7 14. Ne5 Rc8 15. a5
a6 16. Bxf6 Bxf6 17. d5 Bxe5 18. dxe6 Bxh2+ 19. Kxh2 Qh4+ 20. Kg1 Bxe6 21. Bxe6
fxe6 22. Qxe6+ Kh8 23. g3 Qf6 24. Qxf6 Rxf6 25. Rd7 b6 26. axb6 Rxb6 27. Re1 Nc6
28. Re2 Rcb8 29. Re6 Na5 30. Ree7 Rg6 31. Nd5 Nc6 32. Re2 a5 33. Nf4 Rf6 34. Rc7
a4 35. Nh5 Rg6 36. Nxg7 Nd4 37. Ree7 Nf3+ 38. Kg2 Ng5 39. Nf5 Rxb2 40. Nxh6 Rb8
41. Nf5 Ra8 42. f4 a3 43. fxg5 a2 44. Rh7+ Kg8 45. Nh6+ Rxh6 46. gxh6 1-0

[Event "chess.com Junior Speed"]
[Site "chess.com INT"]
[Date "2019.07.16"]
[Round "2.16"]
[White "Gledura, Benjamin"]
[Black "Xiong, Jeffery"]
[Result "1-0"]
[WhiteTitle "GM"]
[BlackTitle "GM"]
[WhiteElo "2645"]
[BlackElo "2679"]
[WhiteFideId "712779"]
[BlackFideId "2047640"]
[EventDate "2019.05.16"]

1. d4 Nf6 2. c4 g6 3. Nc3 d5 4. Bf4 Bg7 5. e3 O-O 6. cxd5 Nxd5 7. Nxd5 Qxd5 8.
Bxc7 Na6 9. Bxa6 Qxg2 10. Qf3 Qxf3 11. Nxf3 bxa6 12. Rc1 f6 13. b3 Rf7 14. Ba5
Bb7 15. Ke2 e5 16. Rhd1 exd4 17. Nxd4 Re8 18. Nc6 Ba8 19. Rc4 f5 20. f4 g5 21.
fxg5 f4 22. Rd3 Rf5 23. Rd8 Bxc6 24. Rxc6 Ref8 25. Rxf8+ Bxf8 26. Bc7 fxe3 27.
Kxe3 Rxg5 28. Rxa6 Bc5+ 29. Ke4 Kf7 30. Bb8 Rg4+ 31. Kd5 Rg5+ 32. Kc4 Rh5 33.
Bxa7 Be7 34. Bb8 Ke8 35. a4 Kd7 36. Bg3 Rh4+ 37. Bxh4 1-0

[Event "chess.com Junior Speed"]
[Site "chess.com INT"]
[Date "2019.07.16"]
[Round "2.17"]
[White "Xiong, Jeffery"]
[Black "Gledura, Benjamin"]
[Result "0-1"]
[WhiteTitle "GM"]
[BlackTitle "GM"]
[WhiteElo "2679"]
[BlackElo "2645"]
[WhiteFideId "2047640"]
[BlackFideId "712779"]
[EventDate "2019.05.16"]

1. c4 c5 2. Nc3 Nc6 3. Nf3 g6 4. e3 Bg7 5. d4 d6 6. d5 Ne5 7. Nxe5 Bxe5 8. Bd3
e6 9. O-O exd5 10. Nxd5 Ne7 11. Be4 O-O 12. Qf3 Nxd5 13. Bxd5 Rb8 14. Rb1 b5 15.
e4 Be6 16. Bh6 Bxd5 17. cxd5 Qh4 18. Qh3 Qxh3 19. gxh3 Rfe8 20. Rfe1 f5 21. exf5
gxf5 22. Kg2 Kf7 23. Kf3 Bxh2 24. Bd2 Be5 25. Re3 Bd4 26. Ra3 c4 27. Ra6 Bb6 28.
Bf4 Re4 29. a4 bxa4 30. Rxa4 Bc5 31. Bd2 c3 0-1

[Event "chess.com Junior Speed"]
[Site "chess.com INT"]
[Date "2019.07.16"]
[Round "2.18"]
[White "Gledura, Benjamin"]
[Black "Xiong, Jeffery"]
[Result "1-0"]
[WhiteTitle "GM"]
[BlackTitle "GM"]
[WhiteElo "2645"]
[BlackElo "2679"]
[WhiteFideId "712779"]
[BlackFideId "2047640"]
[EventDate "2019.05.16"]

1. d4 Nf6 2. c4 e6 3. g3 d5 4. Bg2 dxc4 5. Nf3 Nc6 6. Qa4 Bb4+ 7. Bd2 Nd5 8.
Bxb4 Nxb4 9. O-O Rb8 10. Nc3 a6 11. Ne5 Qxd4 12. Nxc6 Nxc6 13. Bxc6+ bxc6 14.
Qxc6+ Qd7 15. Qxc4 O-O 16. Rfd1 Qe7 17. b3 Rb4 18. Qd3 Bb7 19. Rac1 Qf6 20. Na4
e5 21. Nc5 Rd4 22. Qe3 Rfd8 23. Rxd4 exd4 24. Qf4 Qxf4 25. gxf4 Bc8 26. Nd3 Rd7
27. f3 f6 28. Kf2 Kf7 29. Rc4 a5 30. Rc5 Ba6 31. Rxa5 Bxd3 32. exd3 Ke6 33. Rc5
Kd6 34. Rc4 Kd5 35. a4 c5 36. b4 cxb4 37. Rxb4 Rc7 38. Rb2 Rc3 39. Ra2 Kc6 40.
a5 Kb7 41. a6+ Ka7 42. Ke2 Rc5 43. Ra4 Rh5 44. Rxd4 Kxa6 45. Ke3 Rxh2 46. Rd7
Rg2 47. Kd4 h5 48. Rd8 Kb6 49. Rh8 g6 50. Kd5 Rg3 51. Ke4 Kc5 52. f5 Kd6 53.
fxg6 Rxg6 54. Rxh5 Ke6 55. d4 Rg1 56. Ra5 Re1+ 57. Kf4 Rd1 58. Ra6+ Kd5 59. Rxf6
Rxd4+ 60. Kf5 Rh4 61. f4 Rh1 62. Rf7 Rf1 63. Rd7+ Kc6 64. Rd2 Kc7 65. Ke5 Re1+
66. Kf6 1-0

[Event "chess.com Junior Speed"]
[Site "chess.com INT"]
[Date "2019.07.16"]
[Round "2.19"]
[White "Xiong, Jeffery"]
[Black "Gledura, Benjamin"]
[Result "1-0"]
[WhiteTitle "GM"]
[BlackTitle "GM"]
[WhiteElo "2679"]
[BlackElo "2645"]
[WhiteFideId "2047640"]
[BlackFideId "712779"]
[EventDate "2019.05.16"]

1. d4 Nf6 2. Nf3 g6 3. Nbd2 d5 4. b4 Bg7 5. e3 O-O 6. Bb2 c6 7. c4 a5 8. b5 cxb5
9. cxb5 a4 10. Ba3 Bf5 11. Nh4 Bg4 12. Be2 Bxe2 13. Qxe2 Nbd7 14. O-O Re8 15.
Nhf3 e6 16. Rfc1 Qa5 17. Rc2 Rec8 18. Rac1 Nb6 19. Qd3 Nfd7 20. Bc5 Nc4 21. Nxc4
dxc4 22. Rxc4 Qxb5 23. Ba3 Rxc4 24. Qxc4 Qxc4 25. Rxc4 b5 26. Rc7 Nb6 27. Ng5
Rc8 28. Rb7 Nc4 29. Bc5 Bf8 30. Rxb5 Na3 31. Ra5 Bxc5 32. dxc5 Nc4 33. Rxa4 Rxc5
34. Ne4 Rc7 35. h4 Kg7 36. Rb4 Ne5 37. a4 Rc1+ 38. Kh2 Rc2 39. Kg3 Nd3 40. Rb7
Ne5 41. Ng5 h6 42. Nxe6+ Kf6 43. Nd4 Ra2 44. Rb6+ Kg7 45. Ra6 Nd3 46. Ra7 Nxf2
47. Ne6+ Kf6 48. Nd8 Ne4+ 49. Kf3 Nd6 50. Ra6 Ke7 51. Nc6+ Kf8 52. Nd4 Nc4 53.
Ke4 Ra3 54. Nb5 Rxe3+ 55. Kd4 Re2 56. Kxc4 Rxg2 57. Ra7 Rg4+ 58. Kd5 Rxh4 59. a5
Ra4 60. Nd6 h5 61. Rxf7+ Kg8 62. Ra7 h4 63. Ne4 h3 64. Nf6+ Kf8 65. Ke6 1-0

[Event "chess.com Junior Speed"]
[Site "chess.com INT"]
[Date "2019.07.16"]
[Round "2.20"]
[White "Gledura, Benjamin"]
[Black "Xiong, Jeffery"]
[Result "1-0"]
[WhiteTitle "GM"]
[BlackTitle "GM"]
[WhiteElo "2645"]
[BlackElo "2679"]
[WhiteFideId "712779"]
[BlackFideId "2047640"]
[EventDate "2019.05.16"]

1. e4 c5 2. Nf3 d6 3. h3 Nf6 4. Nc3 a6 5. g4 b5 6. Bg2 Bb7 7. d3 Nc6 8. O-O Nd7
9. Ne1 g6 10. f4 Bg7 11. Ne2 Rc8 12. c3 e6 13. Nf3 O-O 14. Ng3 b4 15. Bd2 bxc3
16. bxc3 Qa5 17. Qc2 Ba8 18. h4 Rb8 19. h5 Qa3 20. Rab1 Rxb1 21. Rxb1 Rb8 22.
Rxb8+ Ncxb8 23. hxg6 hxg6 24. f5 Nc6 25. fxe6 fxe6 26. Ng5 Nd8 27. Ne2 Bc6 28.
Nf4 Ba4 29. Qb1 Bxc3 30. Bxc3 Qxc3 31. Nfxe6 Nxe6 32. Nxe6 Qe5 33. Nc7 Qd4+ 34.
Kh1 Qh8+ 35. Kg1 Qd4+ 36. Kh1 Bc6 37. Qb3+ d5 38. exd5 Qh8+ 39. Kg1 Qd4+ 40. Kf1
Ba4 41. Qc4 Qa1+ 42. Kf2 Qb2+ 43. Kg3 Qe5+ 44. Qf4 Qe1+ 45. Kh3 Ne5 46. Ne6 Nf7
47. Nxc5 Be8 48. Ne4 Qa1 49. Nf6+ Kf8 50. d6 Qe5 51. Qxe5 Nxe5 52. Be4 Bf7 53.
g5 Bxa2 54. d4 Nf7 55. d7 Ke7 56. Kg4 Be6+ 57. Kf4 a5 58. d5 Bxd7 59. Bxg6 Nd6
60. Nxd7 Kxd7 61. Bc2 Ke7 62. Ke5 Nf7+ 63. Kf5 Nd6+ 64. Kf4 Kf7 65. Ke5 Ke7 66.
g6 Ne8 67. Bb3 Nd6 68. g7 Nf7+ 69. Kf4 Nh6 70. Kg5 Ng8 71. d6+ 1-0

[Event "chess.com Junior Speed"]
[Site "chess.com INT"]
[Date "2019.07.16"]
[Round "2.21"]
[White "Xiong, Jeffery"]
[Black "Gledura, Benjamin"]
[Result "1/2-1/2"]
[WhiteTitle "GM"]
[BlackTitle "GM"]
[WhiteElo "2679"]
[BlackElo "2645"]
[WhiteFideId "2047640"]
[BlackFideId "712779"]
[EventDate "2019.05.16"]

1. d4 d5 2. c4 c6 3. Nf3 Nf6 4. Nc3 dxc4 5. a4 e6 6. e3 c5 7. Bxc4 cxd4 8. exd4
Be7 9. O-O O-O 10. Qe2 Nc6 11. Rd1 Nb4 12. Bg5 h6 13. Bh4 Bd7 14. Ne5 Rc8 15. a5
Bc6 16. a6 bxa6 17. Bxa6 Rc7 18. Bg3 Bb7 19. Bc4 Bd5 20. Bxd5 Nfxd5 21. Nb5 Rc2
22. Qf3 Rxb2 23. Rxa7 Qb6 24. Nc4 Qxb5 25. Nxb2 Nc6 26. Ra2 Bf6 27. Be5 Nxe5 28.
dxe5 Bxe5 29. Rd2 Bc3 30. Re2 Qb3 31. Ra1 Rb8 32. Ra7 Bxb2 33. Qxf7+ Kh8 34.
Qxe6 Nf4 35. Qxb3 Nxe2+ 36. Kf1 Rxb3 37. Kxe2 Bf6 38. Ra2 Rb2+ 39. Rxb2 Bxb2 40.
h4 Kg8 41. h5 Kf7 42. f4 Ke6 43. g4 Bf6 44. Kf3 Kd5 45. Ke3 Bh4 46. Kd3 Be7 47.
Ke3 Bc5+ 48. Kd3 Be7 49. Ke3 Bh4 50. Kd3 Bf6 51. Ke3 Ke6 52. Ke4 Kd6 53. Kf5 Kd5
54. g5 hxg5 55. fxg5 Bd4 56. Kg6 Ke4 57. h6 gxh6 58. gxh6 Kf4 59. h7 Bc3 60. Kf7
Bd4 61. Kg8 Be5 62. Kf7 Bd4 63. Kg6 Bc3 64. h8=Q Bxh8 1/2-1/2

[Event "chess.com Junior Speed"]
[Site "chess.com INT"]
[Date "2019.07.16"]
[Round "2.22"]
[White "Gledura, Benjamin"]
[Black "Xiong, Jeffery"]
[Result "0-1"]
[WhiteTitle "GM"]
[BlackTitle "GM"]
[WhiteElo "2645"]
[BlackElo "2679"]
[WhiteFideId "712779"]
[BlackFideId "2047640"]
[EventDate "2019.05.16"]

1. Nf3 g6 2. e4 Bg7 3. d4 d6 4. Be2 Nf6 5. Nc3 O-O 6. O-O a6 7. a4 Nc6 8. Re1
Bg4 9. Be3 Bxf3 10. Bxf3 e5 11. dxe5 Nxe5 12. Be2 Re8 13. h3 Nfd7 14. Bf1 Nc5
15. Bxc5 dxc5 16. f4 Nc6 17. e5 Nd4 18. Ne4 Ne6 19. g3 Qe7 20. c3 Rad8 21. Qf3
Qd7 22. Bc4 Qc6 23. Qf2 b5 24. Bxe6 Qxe6 25. Nxc5 Qxh3 26. Nxa6 bxa4 27. Qg2 Qg4
28. Rxa4 Rd3 29. Kh2 Red8 30. Re2 Rxg3 31. Qxg3 Qxe2+ 32. Qg2 Qh5+ 33. Kg3 Rd3+ 0-1

[Event "chess.com Junior Speed"]
[Site "chess.com INT"]
[Date "2019.07.16"]
[Round "2.23"]
[White "Xiong, Jeffery"]
[Black "Gledura, Benjamin"]
[Result "0-1"]
[WhiteTitle "GM"]
[BlackTitle "GM"]
[WhiteElo "2679"]
[BlackElo "2645"]
[WhiteFideId "2047640"]
[BlackFideId "712779"]
[EventDate "2019.05.16"]

1. d4 d5 2. c4 c6 3. Nf3 Nf6 4. cxd5 cxd5 5. Nc3 Nc6 6. Bf4 Bf5 7. Qb3 Na5 8.
Qa4+ Bd7 9. Qc2 e6 10. e3 Rc8 11. Bd3 Nc6 12. a3 Be7 13. O-O Nh5 14. Be5 f6 15.
Bg3 f5 16. Be5 Nf6 17. Qe2 O-O 18. Rfc1 Ne4 19. h3 Na5 20. Rc2 Nb3 21. Rb1 Qa5
22. Bf4 Nxc3 23. bxc3 Rxc3 24. Rcb2 Qxa3 25. Bb5 Bc6 26. Ne5 Bf6 27. Nxc6 bxc6
28. Bxc6 Nc1 29. Qb5 Nd3 30. Bxd5 Nxb2 31. Bxe6+ Kh8 32. Rxb2 Rc1+ 33. Kh2 Bh4
34. Qb8 Bxf2 35. Bd6 Bg1+ 36. Kg3 Qxe3+ 37. Kh4 Qh6+ 38. Kg3 Qg5+ 39. Kf3 Qe3# 0-1

[Event "chess.com Junior Speed"]
[Site "chess.com INT"]
[Date "2019.07.16"]
[Round "2.24"]
[White "Gledura, Benjamin"]
[Black "Xiong, Jeffery"]
[Result "0-1"]
[WhiteTitle "GM"]
[BlackTitle "GM"]
[WhiteElo "2645"]
[BlackElo "2679"]
[WhiteFideId "712779"]
[BlackFideId "2047640"]
[EventDate "2019.05.16"]

1. e4 g6 2. d4 Bg7 3. Nf3 d6 4. Be2 Nf6 5. Nc3 O-O 6. O-O a6 7. a4 Nc6 8. Re1
Bg4 9. Be3 Bxf3 10. Bxf3 e5 11. dxe5 Nxe5 12. Be2 Re8 13. h3 Ned7 14. Bc4 Qe7
15. Bb3 Rad8 16. Bd4 c6 17. Qd2 Nc5 18. Bxc5 dxc5 19. Qf4 Nd7 20. a5 Ne5 21.
Rad1 c4 22. Ba2 Qb4 23. Qe3 Qxb2 24. Rb1 Qxc2 25. Rec1 Qd2 26. Rxb7 Qxe3 27.
fxe3 Rd2 28. Rb6 Nd3 0-1

[Event "chess.com Junior Speed"]
[Site "chess.com INT"]
[Date "2019.07.16"]
[Round "2.25"]
[White "Xiong, Jeffery"]
[Black "Gledura, Benjamin"]
[Result "1-0"]
[WhiteTitle "GM"]
[BlackTitle "GM"]
[WhiteElo "2679"]
[BlackElo "2645"]
[WhiteFideId "2047640"]
[BlackFideId "712779"]
[EventDate "2019.05.16"]

1. c4 c5 2. Nf3 Nc6 3. Nc3 g6 4. e3 Bg7 5. d4 d6 6. d5 Ne5 7. Nd2 f5 8. Be2 Nf6
9. O-O O-O 10. b3 e6 11. dxe6 Bxe6 12. Bb2 d5 13. cxd5 Nxd5 14. Nxd5 Bxd5 15.
Rc1 b6 16. Bxe5 Bxe5 17. Bc4 Rf7 18. Nf3 Bxc4 19. Rxc4 Rd7 20. Qe2 Bf6 21. e4
Qe7 22. Qc2 fxe4 23. Rxe4 Qd6 24. Rfe1 Rf8 25. h4 Qd3 26. Qc1 Bc3 27. R4e3 1-0